Introducing Maya 8 : 3D for beginners

Uloženo v:
Podrobná bibliografie
Hlavní autor:  Derakhshani, Dariush
Médium: Sách
Jazyk:Undetermined
Vydáno:  Wiley Publishing, Inc  2006
Témata:
Tagy: Přidat tag
Žádné tagy, Buďte první, kdo otaguje tento záznam!
Thư viện lưu trữ: Trung tâm Thư viện - Trường Đại học Công nghiệp TP. Hồ Chí Minh
LEADER 00505nam a2200157Ia 4500
001 UIH_07474
008 231011s9999 xx 000 0 und d
082 |a  006.68 
100 |a  Derakhshani, Dariush 
245 0 |a  Introducing Maya 8 : 3D for beginners 
245 0 |c  Derakhshani, Dariush 
260 |b  Wiley Publishing, Inc 
260 |c  2006 
650 |a  Đồ họa máy tính;  
927 |a Sách 
980 |a Trung tâm Thư viện - Trường Đại học Công nghiệp TP. Hồ Chí Minh